Statistic and Personnel Management (Record no. 441662)

000 -LEADER
fixed length control field 00363cam a22001217a 4500
008 - FIXED-LENGTH DATA ELEMENTS--GENERAL INFORMATION
fixed length control field 180718b1953 xxu||||| |||| 00| 0 eng d
082 ## - DEWEY DECIMAL CLASSIFICATION NUMBER
Classification number I5511 In7
100 ## - MAIN ENTRY--PERSONAL NAME
Personal name Kendall , M . G .
245 ## - TITLE STATEMENT
Title Statistic and Personnel Management
Statement of responsibility, etc. By M . G. Kendall
260 ## - PUBLICATION, DISTRIBUTION, ETC.
Place of publication, distribution, etc. London
Name of publisher, distributor, etc. Institute of personnel management
Date of publication, distribution, etc. 1953
300 ## - PHYSICAL DESCRIPTION
Extent 16p.
440 ## - SERIES STATEMENT/ADDED ENTRY--TITLE
Title Occasional Paper no. 3
Holdings
Withdrawn status Lost status Damaged status Not for loan Permanent Location Current Location Date acquired Full call number Barcode Date last seen Price effective from Koha item type
        Indian Institute of Public Administration Indian Institute of Public Administration 2011-01-21 I5511 In7 15946 2018-07-21 2018-07-21 Book

Powered by Koha